1268 1014 1191 1478 1969 1240 1568 1515 1286 1871 1743 1685 1478 1103 1221 1589 1120 1450 1786 1424 1077 1132 1214 1331 1192 1447 1232 1214 1164 1519 1607 1875 1712 1038 1252 1251 1127 1976 1030 1843 1509 1157 1421 1450 1689 1971 1077 1022 1170 1287 1523 1753 1922 1993 1035 1175 1124 1285 1704 1130 1705 1688 1947 1572 1770 1539 1398 1945 1020 1272 1772 1600 1780 1440 1621 1876 1671 1108 1272 1735 1539 1336 1566 1257 1217 1642 1977 1884 1127 1238 1894 1073 1677 1183 1862 1993 1191 1338 1609 BCNSPRNW ULIB Ver.6.0+V

เปลี่ยนเป็นภาษาไทย

Change to English
 แสดงรายละเอียดบรรณานุกรม
  กลับหน้าหลัก

Brief Record : Get Marc (ISO 2709) : E-mail record : QR code < ปิดหน้าต่าง
LEADER : 00000nam 2200000uu 4500
001    13399126259
003     ULIB
008    180827s2560||||th 000 0 tha d
020    ^a9786162713927
060    ^aWY100.7^bส46ก
100    ^aสุพัตรา อุปนิสากร, จารุวรรณ บุญรัตน์ และ วัชรีย์ แสงมณี, บรรณาธิการ
245    ^aการปฏิบัติการพยาบาลตามหลักฐานเชิงประจักษ์ในโรงพยาบาลสงขลานครินทร์ = Eudence - Based Nursing in Songklanagarind Hospital/^bสุพัตรา อุปนิสากร, จารุวรรณ บุญรัตน์ และ วัชรีย์ แสงมณี, บรรณาธิการ
250    ^aพิมพ์ครั้งที่ 2
260    ^aสงขลา :^bคณะแพทยศาสตร์ มหาวิทยาลัยสงขลานครินทร์,^c2560
300    ^a192 หน้า
650    ^aการพยาบาลตามหลักฐานเชิงประจักษ์
650  0 ^aการพยาบาล, การบริหาร
945    ^p400^l0^i004419
945    ^p400^l0^i004420
945    ^p400^l0^i004421
945    ^p400^l0^i004422
945    ^p400^l0^i004423
999    ^aประนอม เกษจรัล
รายการนี้ยังไม่มีแท็ก
คุณยังไม่ได้ล็อกอิน คุณสามารถมีกิจกรรมร่วมกับเว็บไซต์ได้ แต่ต้องล็อกอินก่อน ::
  ล็อกอิน

รายการสื่อสารสนเทศ

ลำดับที่ ประเภท เลขเรียก/บาร์โค้ด สถานที่ สถานะ
1. Book การพยาบาล
หนังสือสำรอง
สถานะ=หนังสือสำรอง
WY100.7 ส46ก ฉ.1 
  Barcode: 004419
ห้องสมุดวิทยาเขตสวรรค์ประชารักษ์
►หนังสือทั่วไป
บนชั้น
2. Book การพยาบาล
Book การพยาบาล
WY100.7 ส46ก ฉ.2 
  Barcode: 004420
ห้องสมุดวิทยาเขตสวรรค์ประชารักษ์
►หนังสือทั่วไป
บนชั้น
3. Book การพยาบาล
Book การพยาบาล
WY100.7 ส46ก ฉ.3 
  Barcode: 004421
ห้องสมุดวิทยาเขตสวรรค์ประชารักษ์
►หนังสือทั่วไป
บนชั้น
4. Book การพยาบาล
Book การพยาบาล
WY100.7 ส46ก ฉ.4 
  Barcode: 004422
ห้องสมุดวิทยาเขตสวรรค์ประชารักษ์
►หนังสือทั่วไป
บนชั้น
5. Book การพยาบาล
Book การพยาบาล
WY100.7 ส46ก ฉ.5 
  Barcode: 004423
ห้องสมุดวิทยาเขตสวรรค์ประชารักษ์
►หนังสือทั่วไป
บนชั้น

รายการใกล้เคียง
    ผู้แต่ง [สุพัตรา อุปนิสากร, จารุวรรณ บุญรัตน์ และ วัชรีย์ แสงมณี, บรรณาธิการ]

    หัวเรื่อง [การพยาบาลตามหลักฐานเชิงประจักษ์]
    หัวเรื่อง [การพยาบาล, การบริหาร]

BibComment


ยังไม่เคยถูกคอมเมนท์

คอมเมนท์ทรัพยากรรายการนี้
  คอมเมนท์: การปฏิบัติการพยา..


 Copyright 2026. Bcnsprnw @Library